000 00612nam a2200217Ia 4500
005 20250508165444.0
008 008 250505s9999 xx 000 0 hin d
037 _aTextBook
040 _aFEDL
_beng
_cFEDL
041 _ahin
_2eng
084 _a491.207, SHA/R
_qFEDL
100 _aSharma Anit
_9780922
245 0 _aSanskrit shikshan
260 _aLudhiana, India
_bVijay Publications
300 _a404p.
365 _aINR
_b250
546 _aSpecimen copy gifted by Vijay Publications
700 _a Aggarwal Sunita
_9780923
942 _cTB
_h491.207, SHA/R
999 _c1395185
_d1395185